जैवमण्डल और ऊर्जा संचार / (Record no. 28397)
[ view plain ]
| 000 -LEADER | |
|---|---|
| fixed length control field | 01146nam a22002657a 4500 |
| 005 - DATE AND TIME OF LATEST TRANSACTION | |
| control field | 20090717161251.0 |
| 008 - FIXED-LENGTH DATA ELEMENTS--GENERAL INFORMATION | |
| fixed length control field | 090714t xxu||||| |||| 00| 0 hin d |
| 010 ## - LCCN (DPL NO) | |
| LC control number | HIN-87328 |
| 020 ## - INTERNATIONAL STANDARD BOOK NUMBER | |
| Terms of availability | 195.00 |
| International Standard Book Number | 8190385682 |
| 035 ## - SYSTEM CONTROL NUMBER | |
| System control number | HN-59674 |
| 037 ## - SOURCE OF ACQUISITION | |
| Source of stock number/acquisition | DBAD / PUB |
| 040 ## - CATALOGING SOURCE | |
| Original cataloging agency | dpl |
| Language of cataloging | hn |
| 082 ## - DEWEY DECIMAL CLASSIFICATION NUMBER | |
| Classification number | 577 |
| 100 ## - MAIN ENTRY--PERSONAL NAME | |
| Personal name | सुखवीर सिंह |
| 245 ## - TITLE STATEMENT | |
| Title | जैवमण्डल और ऊर्जा संचार / |
| Statement of responsibility, etc | सुखवीर सिंह |
| 246 ## - VARYING FORM OF TITLE | |
| Title proper/short title | Jaivamandala aura urjaa sanchaara |
| Remainder of title | by Sukhvir Singh |
| 260 ## - PUBLICATION, DISTRIBUTION, ETC. (IMPRINT) | |
| Place of publication, distribution, etc | दिल्ली |
| Name of publisher, distributor, etc | आयुष पब्लिशिंग हाऊस |
| Date of publication, distribution, etc | 2007 |
| 270 ## - ADDRESS | |
| Address | 1/10825 सुभाष पार्क, गली नं. 3, शाहदरा |
| City | दिल्ली |
| Postal code | 110032 |
| 300 ## - PHYSICAL DESCRIPTION | |
| Extent | 188पृ. |
| Dimensions | 22सेमी (अजिल्द) |
| 650 ## - SUBJECT ADDED ENTRY--TOPICAL TERM | |
| Topical term or geographic name as entry element | Ecology |
| 650 ## - SUBJECT ADDED ENTRY--TOPICAL TERM | |
| Topical term or geographic name as entry element | पारिस्थितिकी |
| 650 ## - SUBJECT ADDED ENTRY--TOPICAL TERM | |
| Topical term or geographic name as entry element | Ecology |
| 942 ## - ADDED ENTRY ELEMENTS (KOHA) | |
| Source of classification or shelving scheme | Dewey Decimal Classification |
| Item type | Hindi Books |
| Call number suffix | सुखवी |
| Classification part | 577 |
| Withdrawn status | Lost status | Source of classification or shelving scheme | Damaged status | Not for loan | Home library | Current library | Date acquired | Source of acquisition | Cost, normal purchase price | Total Checkouts | Full call number | Barcode | Date last seen | Copy number | Cost, replacement price | Koha item type |
|---|---|---|---|---|---|---|---|---|---|---|---|---|---|---|---|---|
| Dewey Decimal Classification | Not For Loan | D.B.Act.Division | D.B.Act.Division | 17/07/2009 | DBAD / PUB | 195.00 | 577 सुखवी | HN-59674 | 17/07/2009 | 1 | 195.00 | Hindi Books |
